[Event "Florianopolis op 10th"]
[Site "Florianopolis"]
[Date "2024.01.22"]
[Round "4"]
[White "Koinski, Carlos Cesar"]
[Black "De Resende, Sidnei"]
[Result "0-1"]
[WhiteElo "1371"]
[BlackElo "1666"]
[PlyCount "133"]
[EventDate "2024.01.20"]
[EventType "swiss"]
[EventRounds "10"]
[EventCountry "BRA"]
[SourceTitle "CB05_2024"]
[SourceDate "2024.01.31"]
[SourceVersion "1"]
[SourceVersionDate "2024.01.31"]
[SourceQuality "1"]

1. c4 e5 2. Nf3 Nc6 3. d3 Nf6 4. Nc3 g6 5. a3 Bg7 6. e4 0-0 7. Be3 d6 8. h3 Ne7 9. Qd2 Re8 10. Bh6 Bh8 11. Be2 c6 12. Rd1 Qc7 13. Qc2 Bd7 14. Rc1 Rac8 15. 0-0 d5 16. cxd5 cxd5 17. Qd2 Qd6 18. Rfd1 d4 19. Na2 Nc6 20. Bg5 a5 21. Ra1 Rc7 22. Nh2 Rec8 23. Rdc1 b6 24. f4 Ne8 25. Ng4 f6 26. fxe5 Nxe5 27. Bf4 Be6 28. Rxc7 Rxc7 29. Nc1 a4 30. Nh6+ Kf8 31. Ng4 Qc5 32. Qb4 Qxb4 33. axb4 b5 34. Nxe5 fxe5 35. Bh6+ Bg7 36. Bg5 Rc2 37. Rb1 Nf6 38. Bd1 Rc8 39. g4 h5 40. Bxf6 Bxf6 41. gxh5 Bg5 42. Ne2 gxh5 43. Kg2 h4 44. Ng1 Rc1 45. Rxc1 Bxc1 46. Nf3 Bxb2 47. Bc2 a3 48. Bb1 a2 49. Bxa2 Bxa2 50. Nxe5 Bb1 51. Kf3 Bc3 52. Ke2 Bxb4 53. Kd1 Bc5 54. Kc1 Ba2 55. Nd7+ Ke7 56. Nxc5 b4 57. Kb2 Bf7 58. e5 Bd5 59. e6 Bxe6 60. Ne4 Bxh3 61. Ng5 Bg2 62. Kb3 h3 63. Nxh3 Bxh3 64. Kc2 Bf1 65. Kb1 Bxd3+ 66. Kc1 Be2 67. Kb1 0-1

[Event "Florianopolis op 10th"]
[Site "Florianopolis"]
[Date "2024.01.20"]
[Round "1"]
[White "Ferreira, Andrei Dias"]
[Black "Koinski, Carlos Cesar"]
[Result "1-0"]
[WhiteElo "1977"]
[BlackElo "1371"]
[PlyCount "95"]
[EventDate "2024.01.20"]
[EventType "swiss"]
[EventRounds "10"]
[EventCountry "BRA"]
[SourceTitle "CB05_2024"]
[SourceDate "2024.01.31"]
[SourceVersion "1"]
[SourceVersionDate "2024.01.31"]
[SourceQuality "1"]

1. e4 c5 2. Nf3 d6 3. d4 cxd4 4. Nxd4 Nc6 5. Nc3 a6 6. Be2 Nf6 7. Be3 e6 8. 0-0 Be7 9. a4 0-0 10. Kh1 Ne5 11. f4 Ng6 12. g4 e5 13. Nf5 Nxf4 14. Bxf4 exf4 15. g5 Ne8 16. h4 Be6 17. Nd5 Bxd5 18. exd5 f6 19. g6 hxg6 20. Nd4 Nc7 21. h5 g5 22. Bd3 Nxd5 23. Bc4 Kh8 24. Bxd5 Qb6 25. Qd3 Rac8 26. Ne6 Qe3 27. Qxe3 fxe3 28. Nxf8 Bxf8 29. c4 Rc7 30. Rae1 Re7 31. Rf3 e2 32. Rf2 Kh7 33. Rfxe2 Re5 34. Rxe5 fxe5 35. Be4+ Kh6 36. Rf1 Be7 37. Rf7 Bf6 38. Bg6 b6 39. Kg2 g4 40. Rb7 e4 41. Rxb6 Be5 42. Bxe4 Kxh5 43. Rxa6 Kh4 44. b4 g3 45. b5 Kg4 46. b6 Kf4 47. b7 Kxe4 48. b8Q 1-0

[Event "Florianopolis op-B 04"]
[Site "Florianopolis"]
[Date "2023.04.29"]
[Round "2"]
[White "Koinski, Carlos Cesar"]
[Black "Da Silva, Luis Guilherme Pere"]
[Result "0-1"]
[WhiteElo "1372"]
[BlackElo "1641"]
[PlyCount "115"]
[EventDate "2023.04.28"]
[EventType "swiss"]
[EventRounds "6"]
[EventCountry "BRA"]
[SourceTitle "CBM 214 Extra"]
[Source "ChessBase"]
[SourceDate "2023.07.31"]
[SourceVersion "1"]
[SourceVersionDate "2023.07.31"]
[SourceQuality "1"]

1. Nf3 Nf6 2. d4 d5 3. c4 c6 4. e3 e6 5. b3 Nbd7 6. Bb2 Bd6 7. Be2 0-0 8. Nbd2 b6 9. Rc1 Bb7 10. Bd3 Re8 11. 0-0 e5 12. dxe5 Nxe5 13. Nxe5 Bxe5 14. Bxe5 Rxe5 15. Nf3 Re7 16. Qc2 dxc4 17. Bxc4 c5 18. Rfd1 Qc7 19. Qe2 h6 20. Ba6 Be4 21. Bd3 a5 22. Bxe4 Nxe4 23. Qd3 Qb7 24. Qd5 Qxd5 25. Rxd5 a4 26. bxa4 Rxa4 27. Rc2 Rea7 28. h3 Rxa2 29. Rxa2 Rxa2 30. Ne5 Rxf2 31. Rd8+ Kh7 32. Nd7 g5 33. Nxb6 Rc2 34. Rd7 Kg7 35. Re7 Nd6 36. Rd7 Nf5 37. Rd3 c4 38. Ra3 c3 39. Nd5 Rc1+ 40. Kh2 c2 41. Rc3 Nd6 42. Rc6 Rd1 43. Rxc2 Rxd5 44. Re2 Ne4 45. Re1 Rd2 46. Kg1 h5 47. Kh2 h4 48. Kg1 Kg6 49. Kh2 Kh5 50. Rf1 f6 51. Rf3 Kg6 52. Kg1 Ng3 53. Kh2 Rd1 54. Rxg3 hxg3+ 55. Kxg3 f5 56. Kf2 Rd2+ 57. Kf3 Kh5 58. Kg3 0-1

[Event "Catarinense-ch U20"]
[Site "Rio Negrinho"]
[Date "2023.03.26"]
[Round "6"]
[White "Carvalho, Kayle Fabricio Amor"]
[Black "Koinski, Carlos Cesar"]
[Result "1-0"]
[WhiteElo "1406"]
[BlackElo "1396"]
[PlyCount "97"]
[EventDate "2023.03.24"]
[EventType "swiss"]
[EventRounds "6"]
[EventCountry "BRA"]
[SourceTitle "CBM 213 Extra"]
[Source "ChessBase"]
[SourceDate "2023.05.31"]
[SourceVersion "1"]
[SourceVersionDate "2023.05.31"]
[SourceQuality "1"]

1. d4 Nf6 2. c4 d6 3. Nc3 g6 4. e4 Bg7 5. Be2 0-0 6. Bg5 Nbd7 7. Qd2 b6 8. Bd1 Bb7 9. Bc2 Re8 10. Nge2 Qc8 11. 0-0 c5 12. d5 Ne5 13. b3 Qd7 14. h3 Qc8 15. f4 Ned7 16. Rae1 e5 17. fxe5 dxe5 18. Rf2 a6 19. Ref1 Qd8 20. Rf3 Rf8 21. Ng3 Qe7 22. Qf2 Qd6 23. Bxf6 Nxf6 24. Rxf6 Bxf6 25. Qxf6 Rad8 26. Nh1 Bc8 27. Na4 Qc7 28. Qxb6 Qxb6 29. Nxb6 Rd6 30. Na4 f5 31. Nxc5 f4 32. Nd3 Re8 33. c5 Rf6 34. b4 g5 35. a4 g4 36. hxg4 Bxg4 37. b5 axb5 38. axb5 Rh6 39. b6 Rg6 40. Kf2 Bc8 41. c6 Ba6 42. Rb1 Bxd3 43. Bxd3 Ra8 44. b7 Ra2+ 45. Be2 Rxg2+ 46. Kxg2 Rxe2+ 47. Kf1 Rxe4 48. b8Q+ Kg7 49. Qd6 1-0

[Event "Catarinense-ch U20"]
[Site "Rio Negrinho"]
[Date "2023.03.25"]
[Round "4"]
[White "Gomes, Adrian Felipe L"]
[Black "Koinski, Carlos Cesar"]
[Result "1-0"]
[WhiteElo "1349"]
[BlackElo "1396"]
[PlyCount "143"]
[EventDate "2023.03.24"]
[EventType "swiss"]
[EventRounds "6"]
[EventCountry "BRA"]
[SourceTitle "CBM 213 Extra"]
[Source "ChessBase"]
[SourceDate "2023.05.31"]
[SourceVersion "1"]
[SourceVersionDate "2023.05.31"]
[SourceQuality "1"]

1. e4 c5 2. Nf3 Nc6 3. Bc4 a6 4. a4 d6 5. d3 e6 6. Nc3 Be7 7. 0-0 Bf6 8. Bf4 h6 9. Qd2 Nge7 10. Rfe1 Ng6 11. Bg3 Nd4 12. Nxd4 Bxd4 13. Rab1 0-0 14. Ne2 Bf6 15. Bb3 e5 16. f4 exf4 17. Nxf4 Nxf4 18. Bxf4 Be6 19. c4 Qb6 20. Bd1 Rad8 21. Bf3 Qc7 22. b4 b6 23. bxc5 bxc5 24. Bd1 Rb8 25. Bb3 Rfd8 26. Rf1 Rb4 27. Kh1 Rdb8 28. Qd1 Qd7 29. Qc2 Qc7 30. Bd2 R4b7 31. Bf4 Rb6 32. a5 R6b7 33. Qa2 Bc3 34. Bc2 Rb2 35. Rxb2 Rxb2 36. Qa3 Rxc2 37. Qb3 Rb2 38. Qxc3 Rb4 39. h3 Qb8 40. Qe1 Rb3 41. Qd1 Rb7 42. Kh2 Rd7 43. Qb1 Rb7 44. Qe1 Qd8 45. Qg3 Kh8 46. Bxd6 Qxa5 47. Qe5 Rd7 48. Bf8 Qc7 49. Bxg7+ Kh7 50. Qxc7 Rxc7 51. Be5 Rc6 52. Ra1 Kg6 53. g4 f6 54. Bf4 h5 55. Kg3 hxg4 56. hxg4 Bc8 57. Rh1 Bd7 58. Rh5 a5 59. Be3 Kg7 60. Rxc5 Ra6 61. Rc7 Rd6 62. d4 Kg6 63. c5 Ra6 64. Rxd7 a4 65. d5 a3 66. Bd4 Ra4 67. Ba1 Rxe4 68. Ra7 Re3+ 69. Kf4 Rb3 70. Ra4 Kf7 71. c6 Rd3 72. c7 1-0

[Event "Florianopolis Spring op 2nd"]
[Site "Florianopolis"]
[Date "2022.10.22"]
[Round "3"]
[White "Koinski, Carlos Cesar"]
[Black "Lopes, Leonardo Borges"]
[Result "1-0"]
[WhiteElo "1433"]
[BlackElo "1736"]
[PlyCount "111"]
[EventDate "2022.10.21"]
[EventType "swiss"]
[EventRounds "6"]
[EventCountry "BRA"]
[SourceTitle "EXT 2024"]
[Source "ChessBase"]
[SourceDate "2023.10.10"]
[SourceVersion "1"]
[SourceVersionDate "2023.10.10"]
[SourceQuality "1"]

1. Nf3 Nf6 2. g3 g6 3. Bg2 Bg7 4. c3 0-0 5. d4 d5 6. 0-0 Re8 7. Re1 c6 8. Nbd2 Bg4 9. h3 Bxf3 10. Nxf3 Nbd7 11. Bd2 e5 12. dxe5 Nxe5 13. Nxe5 Rxe5 14. Bf4 Re6 15. Qc1 Qd7 16. Qc2 Rae8 17. Bf3 Ne4 18. Rad1 f5 19. Kg2 a6 20. Rh1 g5 21. Bc1 Qf7 22. Bxe4 Rxe4 23. Bxg5 Rxe2 24. Rd2 Qe6 25. Rxe2 Qxe2 26. Qxe2 Rxe2 27. Bc1 d4 28. Kf3 Rc2 29. Rd1 c5 30. a3 Kf7 31. h4 b5 32. Kg2 Bf6 33. Kg1 Ke6 34. Re1+ Kd5 35. cxd4 Bxd4 36. Rd1 Kc4 37. b4 Rxf2 38. Rxd4+ cxd4 39. Kxf2 Kc3 40. Ke2 Kc2 41. Bf4 d3+ 42. Ke1 Kb3 43. Kd2 Kxa3 44. Bd6 Ka4 45. Kxd3 a5 46. bxa5 Kxa5 47. Ke3 b4 48. Bxb4+ Kxb4 49. Kf4 Kc4 50. Kxf5 Kd5 51. g4 Kd4 52. g5 Kd5 53. h5 Kd6 54. Kf6 Kd7 55. Kf7 Kd8 56. g6 1-0

[Event "Florianopolis Spring op 2nd"]
[Site "Florianopolis"]
[Date "2022.10.21"]
[Round "1"]
[White "Koinski, Carlos Cesar"]
[Black "Dos Santos, Lucas Aparecido"]
[Result "0-1"]
[WhiteElo "1433"]
[BlackElo "2073"]
[PlyCount "52"]
[EventDate "2022.10.21"]
[EventType "swiss"]
[EventRounds "6"]
[EventCountry "BRA"]
[SourceTitle "EXT 2024"]
[Source "ChessBase"]
[SourceDate "2023.10.10"]
[SourceVersion "1"]
[SourceVersionDate "2023.10.10"]
[SourceQuality "1"]

1. Nf3 d6 2. d4 Nf6 3. c4 g6 4. b3 Bg7 5. Bb2 0-0 6. e3 c6 7. Be2 Nbd7 8. Nc3 Re8 9. 0-0 Qc7 10. Bd3 e5 11. dxe5 dxe5 12. Ne4 Nxe4 13. Bxe4 Nc5 14. Bb1 Bg4 15. e4 Rad8 16. Qe2 Bh6 17. Bc1 Bxc1 18. Rxc1 Ne6 19. h3 Nd4 20. Qe3 Bxf3 21. gxf3 Qd7 22. Kg2 Ne6 23. Bc2 Nf4+ 24. Kg1 Qxh3 25. Qxf4 exf4 26. Bd1 Re5 0-1

[Event "Florianopolis Autumn op U1800"]
[Site "Florianopolis"]
[Date "2022.05.15"]
[Round "6"]
[White "Koinski, Carlos Cesar"]
[Black "Melo, Sergio Roberto Samp"]
[Result "0-1"]
[WhiteElo "1452"]
[BlackElo "1628"]
[PlyCount "31"]
[EventDate "2022.05.13"]
[EventType "swiss"]
[EventRounds "6"]
[EventCountry "BRA"]
[SourceTitle "CBM 208 Extra"]
[Source "ChessBase"]
[SourceDate "2022.07.31"]
[SourceVersion "1"]
[SourceVersionDate "2022.07.31"]
[SourceQuality "1"]

1. c4 Nf6 2. d4 e5 3. e3 exd4 4. exd4 d5 5. Nc3 Nc6 6. cxd5 Nxd5 7. Nf3 a6 8. a3 Be7 9. Be2 0-0 10. 0-0 Bf6 11. Ne4 Be7 12. Nc5 b6 13. Ne4 Bb7 14. Bc4 Na5 15. Bd3 Bd6 16. Nc3 0-1

[Event "Santa Catarina State-ch 67th"]
[Site "Rio Negrinho"]
[Date "2021.10.26"]
[Round "4"]
[White "Koinski, Carlos Cesar"]
[Black "Luz, Christian Oliveira"]
[Result "0-1"]
[WhiteElo "1440"]
[BlackElo "1459"]
[PlyCount "130"]
[EventDate "2021.10.21"]
[EventType "swiss"]
[EventRounds "7"]
[EventCountry "BRA"]
[SourceTitle "EXT 2023"]
[Source "ChessBase"]
[SourceDate "2022.10.05"]
[SourceVersion "1"]
[SourceVersionDate "2022.10.05"]
[SourceQuality "1"]

1. c4 e5 2. Nc3 c6 3. Nf3 d6 4. e3 Nf6 5. d3 Be7 6. Be2 Bg4 7. Qc2 Nbd7 8. a3 a5 9. Ng5 Bxe2 10. Qxe2 h6 11. Nge4 d5 12. cxd5 cxd5 13. Ng3 0-0 14. 0-0 Nc5 15. Rb1 Re8 16. Qc2 Rc8 17. Qd1 d4 18. exd4 Qxd4 19. Nf5 Qxd3 20. Nxe7+ Rxe7 21. Be3 e4 22. h3 Qxd1 23. Rfxd1 Nd3 24. Rd2 Nxb2 25. Nd5 Nxd5 26. Rxd5 Nc4 27. Rc1 Ree8 28. Bc5 Ne5 29. Rb1 Nd3 30. Be3 Re5 31. Rd7 Nc5 32. Rd6 Re7 33. Rd5 Rec7 34. Rb5 Nd3 35. Rxa5 Rc3 36. Rdb5 R8c7 37. Ra7 Ne1 38. Bd2 Rd3 39. Bb4 Rd1 40. Kh2 Nd3 41. Raxb7 Rxb7 42. Rxb7 Rb1 43. Rb8+ Kh7 44. Bd6 Rxb8 45. Bxb8 Nxf2 46. Kg1 Nd3 47. Kf1 Nc5 48. Bd6 Nb7 49. Bf4 g5 50. Be3 Na5 51. Ke2 f5 52. g3 Kg6 53. Bb6 Nc4 54. Bc5 f4 55. gxf4 gxf4 56. a4 Kf5 57. Be7 e3 58. Bd8 Ke4 59. a5 f3+ 60. Ke1 Kd3 61. a6 f2+ 62. Kf1 Nd2+ 63. Kg2 f1Q+ 64. Kg3 h5 65. a7 Qf2# 0-1

[Event "Santa Catarina State-ch 67th"]
[Site "Rio Negrinho"]
[Date "2021.10.25"]
[Round "3"]
[White "Moyses Sobrinho, Elias"]
[Black "Koinski, Carlos Cesar"]
[Result "1-0"]
[WhiteElo "1858"]
[BlackElo "1440"]
[PlyCount "91"]
[EventDate "2021.10.21"]
[EventType "swiss"]
[EventRounds "7"]
[EventCountry "BRA"]
[SourceTitle "EXT 2023"]
[Source "ChessBase"]
[SourceDate "2022.10.05"]
[SourceVersion "1"]
[SourceVersionDate "2022.10.05"]
[SourceQuality "1"]

1. e4 c5 2. Nf3 e6 3. d4 cxd4 4. Nxd4 Nc6 5. c4 Nf6 6. Nxc6 bxc6 7. Bd3 Bb4+ 8. Bd2 Bc5 9. e5 Ng8 10. Nc3 Qh4 11. Ne4 Bd4 12. Nd6+ Kf8 13. Qf3 Qe7 14. Bc3 Bxc3+ 15. bxc3 Nh6 16. 0-0 Qg5 17. Qe4 Ng4 18. f4 Qh4 19. h3 f5 20. exf6 Nxf6 21. Qe5 Qh5 22. Rae1 Kg8 23. f5 Qg5 24. fxe6 Qxe5 25. Rxe5 dxe6 26. g4 h6 27. Bg6 Bd7 28. Nf7 Rh7 29. Rb1 Be8 30. Bxh7+ Kxh7 31. Nd6 Bd7 32. Rb7 Kg8 33. Ne4 Bc8 34. Rc7 a5 35. Nxf6+ gxf6 36. Rh5 Rb8 37. Rxh6 Ba6 38. Rxf6 Bxc4 39. Rf2 Rb1+ 40. Kh2 Bd5 41. Rd2 Rb8 42. g5 Rf8 43. c4 Bxc4 44. Rxc6 Bd5 45. Rc5 Rf5 46. h4 1-0

[Event "Florianopolis op 09"]
[Site "Florianopolis"]
[Date "2021.09.24"]
[Round "1"]
[White "Silva, Guilherme Henrique"]
[Black "Koinski, Carlos Cesar"]
[Result "1-0"]
[WhiteElo "1913"]
[BlackElo "1423"]
[PlyCount "71"]
[EventDate "2021.09.24"]
[EventType "swiss"]
[EventRounds "6"]
[EventCountry "BRA"]
[SourceTitle "EXT 2023"]
[Source "ChessBase"]
[SourceDate "2022.10.05"]
[SourceVersion "1"]
[SourceVersionDate "2022.10.05"]
[SourceQuality "1"]

1. e4 c5 2. Nf3 Nc6 3. Bb5 Qc7 4. Nc3 a6 5. Bxc6 Qxc6 6. d4 cxd4 7. Nxd4 Qc7 8. 0-0 e6 9. Be3 Nf6 10. a3 Be7 11. f4 d6 12. Qf3 b5 13. f5 e5 14. Nb3 Bb7 15. Rad1 0-0 16. Kh1 Rad8 17. g4 Nxe4 18. Nxe4 Qxc2 19. Nbd2 Qxb2 20. g5 d5 21. f6 dxe4 22. Qh3 Bxa3 23. Rb1 Qc2 24. g6 fxg6 25. Qe6+ Kh8 26. fxg7+ Kxg7 27. Qxe5+ Kg8 28. Qe6+ Kh8 29. Rxf8+ Bxf8 30. Qf6+ Kg8 31. Qxd8 Qc8 32. Qa5 Qe6 33. Rf1 Be7 34. Qc7 Bc8 35. Bh6 e3 36. Qd8+ 1-0

[Event "Timbo op"]
[Site "Timbo"]
[Date "2021.06.13"]
[Round "6"]
[White "Da Costa, Mariana Nara Santan"]
[Black "Koinski, Carlos Cesar"]
[Result "1/2-1/2"]
[WhiteElo "1236"]
[BlackElo "1478"]
[PlyCount "138"]
[EventDate "2021.06.11"]
[EventType "swiss"]
[EventRounds "6"]
[EventCountry "BRA"]
[SourceTitle "EXT 2022"]
[Source "ChessBase"]
[SourceDate "2021.10.06"]
[SourceVersion "1"]
[SourceVersionDate "2021.10.06"]
[SourceQuality "1"]

1. d4 d5 2. c4 e6 3. Nc3 Nf6 4. Bf4 Bd6 5. Bxd6 Qxd6 6. e3 Qb4 7. Qa4+ Nc6 8. Qxb4 Nxb4 9. Rc1 dxc4 10. Bxc4 c6 11. Nf3 Nbd5 12. Nxd5 exd5 13. Bd3 0-0 14. 0-0 Re8 15. Rfe1 Bg4 16. Ne5 Be6 17. Rc3 Nd7 18. Nxd7 Bxd7 19. Rb3 Rab8 20. Rc1 g6 21. Rcc3 f5 22. h3 Rec8 23. a4 c5 24. Rxc5 Rxc5 25. dxc5 Bxa4 26. Ra3 Bc6 27. Rxa7 Rd8 28. Kf1 d4 29. Bc4+ Kf8 30. exd4 Rxd4 31. b3 Re4 32. Ra8+ Kg7 33. Rd8 Re5 34. b4 Re4 35. b5 Rxc4 36. bxc6 bxc6 37. g4 fxg4 38. hxg4 Rxc5 39. Rc8 h6 40. Rc7+ Kf6 41. Rh7 h5 42. gxh5 Rxh5 43. Rc7 Rc5 44. Ke2 Ke5 45. Kd3 g5 46. Rg7 Kf6 47. Rd7 Rd5+ 48. Rxd5 cxd5 49. Kd4 Ke6 50. Kd3 Ke5 51. Ke3 g4 52. f3 g3 53. f4+ Kf5 54. Kf3 g2 55. Kxg2 Kxf4 56. Kf2 d4 57. Ke2 Ke4 58. Kd2 d3 59. Kd1 Ke3 60. Ke1 Kd4 61. Kd2 Kc4 62. Kd1 Kc3 63. Kc1 Kd4 64. Kd2 Ke4 65. Kd1 Ke3 66. Ke1 Kd4 67. Kd2 Ke4 68. Kd1 Kf3 69. Kd2 Ke4 1/2-1/2

[Event "Timbo op"]
[Site "Timbo"]
[Date "2021.06.12"]
[Round "4"]
[White "Decezare, Jucian Kaue"]
[Black "Koinski, Carlos Cesar"]
[Result "1-0"]
[WhiteElo "1619"]
[BlackElo "1478"]
[PlyCount "74"]
[EventDate "2021.06.11"]
[EventType "swiss"]
[EventRounds "6"]
[EventCountry "BRA"]
[SourceTitle "EXT 2022"]
[Source "ChessBase"]
[SourceDate "2021.10.06"]
[SourceVersion "1"]
[SourceVersionDate "2021.10.06"]
[SourceQuality "1"]

1. e4 c5 2. Nf3 Nc6 3. d3 d6 4. g3 h6 5. Bg2 Bg4 6. 0-0 Qd7 7. Nbd2 Nf6 8. Re1 e5 9. c3 Be7 10. Nf1 a6 11. Ne3 Bh5 12. a4 Qd8 13. Qb3 Rb8 14. Nf5 0-0 15. d4 cxd4 16. cxd4 exd4 17. N3xd4 Ne5 18. Nxe7+ Qxe7 19. Nf5 Qd7 20. Bf4 Bg4 21. Nd4 g5 22. Bd2 Nc6 23. Bc3 Nxd4 24. Bxd4 Be6 25. Qf3 Nh7 26. Qh5 f6 27. Qxh6 Qg7 28. Qxg7+ Kxg7 29. Rac1 Rbc8 30. Bb6 d5 31. exd5 Bd7 32. Re7+ Kg8 33. Rxc8 Bxc8 34. d6 Rf7 35. Bd5 Nf8 36. Bxf7+ Kh8 37. Bd4 Nd7 1-0

[Event "Timbo op"]
[Site "Timbo"]
[Date "2021.06.12"]
[Round "2"]
[White "Kim, Thiago"]
[Black "Koinski, Carlos Cesar"]
[Result "1-0"]
[WhiteElo "1822"]
[BlackElo "1478"]
[PlyCount "49"]
[EventDate "2021.06.11"]
[EventType "swiss"]
[EventRounds "6"]
[EventCountry "BRA"]
[SourceTitle "EXT 2022"]
[Source "ChessBase"]
[SourceDate "2021.10.06"]
[SourceVersion "1"]
[SourceVersionDate "2021.10.06"]
[SourceQuality "1"]

1. e4 c5 2. Nf3 Nc6 3. Bb5 Qc7 4. 0-0 d6 5. c3 a6 6. Ba4 Bd7 7. d4 b5 8. Bc2 e6 9. Re1 Be7 10. Nbd2 Bf6 11. Nf1 e5 12. dxc5 dxc5 13. Ne3 Nge7 14. Nd5 Nxd5 15. exd5 Nd8 16. Nxe5 0-0 17. d6 Qc8 18. Nxd7 Qxd7 19. Qd3 g6 20. Qf3 Re8 21. Be3 Bxc3 22. bxc3 Rc8 23. Bh6 Ne6 24. Qf6 Qxd6 25. Rxe6 1-0

[Event "Timbo op"]
[Site "Timbo"]
[Date "2021.02.20"]
[Round "3"]
[White "Kikuchi Cadilhac, Mariana Sawae"]
[Black "Koinski, Carlos Cesar"]
[Result "1-0"]
[WhiteElo "1824"]
[BlackElo "1499"]
[PlyCount "73"]
[EventDate "2021.02.19"]
[EventType "swiss"]
[EventRounds "6"]
[EventCountry "BRA"]
[SourceTitle "EXT 2022"]
[Source "ChessBase"]
[SourceDate "2021.10.06"]
[SourceVersion "1"]
[SourceVersionDate "2021.10.06"]
[SourceQuality "1"]

1. e4 c5 2. Nf3 d6 3. d4 cxd4 4. Nxd4 Nc6 5. c4 Nf6 6. Nc3 a6 7. Be2 e6 8. 0-0 Be7 9. Be3 Bd7 10. Rb1 Nxd4 11. Bxd4 Bc6 12. f3 0-0 13. Qd2 h6 14. Rfd1 Qc7 15. Bxf6 Bxf6 16. Qxd6 Qxd6 17. Rxd6 Be7 18. Rdd1 Rab8 19. b4 Rfd8 20. a3 Bf6 21. Na2 Ba4 22. Rxd8+ Rxd8 23. b5 Rd2 24. bxa6 bxa6 25. Rb8+ Kh7 26. Nc1 Bb2 27. Nd3 Bxa3 28. Kf1 Rc2 29. Rc8 Bb5 30. Ne5 f6 31. Nf7 Ba4 32. e5 f5 33. g4 f4 34. Bd3+ g6 35. Bxc2 Bxc2 36. Nd8 Bd3+ 37. Kf2 1-0

[Event "Florianopolis op 7th"]
[Site "Florianopolis"]
[Date "2021.01.22"]
[Round "7"]
[White "Koinski, Carlos Cesar"]
[Black "Nones, Vinicius Gabriel"]
[Result "1-0"]
[WhiteElo "1516"]
[BlackElo "1048"]
[PlyCount "137"]
[EventDate "2021.01.18"]
[EventType "swiss"]
[EventRounds "10"]
[EventCountry "BRA"]
[SourceTitle "CBM 200 Extra"]
[Source "ChessBase"]
[SourceDate "2021.03.31"]
[SourceVersion "1"]
[SourceVersionDate "2021.03.31"]
[SourceQuality "1"]

1. c4 e6 2. d4 d5 3. cxd5 exd5 4. Nc3 Nf6 5. e3 Bf5 6. Nge2 Bd6 7. g3 Nbd7 8. Bg2 c6 9. a3 b5 10. 0-0 0-0 11. b4 Re8 12. Bb2 Nb6 13. Bc1 Qc7 14. Nb1 Re7 15. Nd2 Rae8 16. Nc3 Re6 17. Bb2 R8e7 18. Rc1 a6 19. Ra1 Re8 20. Qc1 h6 21. Qd1 Ra8 22. Rc1 Rae8 23. Ra1 Ra8 24. Qc1 Qd7 25. Re1 Rae8 26. Qd1 Bc7 27. Bc1 Bd6 28. Bf1 R6e7 29. Bg2 Bg6 30. Qe2 Bf5 31. Qf1 Re6 32. Nb3 R6e7 33. Nb1 Ne4 34. N1d2 Nf6 35. Nc5 Bxc5 36. bxc5 Na8 37. Bb2 Nc7 38. Bc3 Re6 39. Bb4 Rb8 40. Nb3 Qc8 41. Nd2 Qd8 42. Ba5 Qc8 43. Nb3 Nce8 44. Bb4 Ne4 45. Nd2 N8f6 46. Nxe4 Nxe4 47. f3 Ng5 48. g4 Bc2 49. h4 Nh7 50. Qf2 Bd3 51. Rad1 Bc4 52. Rc1 Qc7 53. Bh3 g5 54. h5 Rf6 55. Bg2 Re8 56. Bd2 Nf8 57. Bf1 Bxf1 58. Rxf1 Ne6 59. Kg2 Re7 60. Qg3 Qxg3+ 61. Kxg3 Rb7 62. Rce1 Ng7 63. e4 dxe4 64. Rxe4 Re6 65. Rfe1 Rxe4 66. Rxe4 Ne6 67. Be3 Nf4 68. Re8+ Kh7 69. d5 1-0

[Event "Santa Catarina-ch 64th "]
[Site "Lages"]
[Date "2020.02.16"]
[Round "6"]
[White "Koinski, Carlos Cesar"]
[Black "Kuster, Michel Thiago"]
[Result "1-0"]
[WhiteElo "1513"]
[BlackElo "1253"]
[PlyCount "75"]
[EventDate "2020.02.14"]
[EventType "swiss"]
[EventRounds "6"]
[EventCountry "BRA"]
[SourceTitle "CBM 195 Extra"]
[Source "ChessBase"]
[SourceDate "2020.05.31"]
[SourceVersion "1"]
[SourceVersionDate "2020.05.31"]
[SourceQuality "1"]

1. c4 e5 2. e3 c6 3. Nc3 f5 4. d3 Nf6 5. g3 d5 6. cxd5 cxd5 7. d4 e4 8. Nge2 Be7 9. Nf4 Nc6 10. a3 g5 11. Nh3 h6 12. Ng1 Be6 13. Nge2 Rc8 14. h4 Rf8 15. hxg5 hxg5 16. Bd2 Qb6 17. Rb1 Kd7 18. Na4 Qc7 19. Rc1 Rh8 20. Rg1 Ng4 21. b4 b5 22. Nc5+ Bxc5 23. Rxc5 Rh6 24. Nc3 a6 25. Nxd5 Bxd5 26. Rxd5+ Ke6 27. Rc5 Rch8 28. Qb3+ Ke7 29. d5 R8h7 30. dxc6 Nh2 31. Bg2 Nf3+ 32. Bxf3 exf3 33. Kd1 Rh1 34. Rxh1 Rxh1+ 35. Kc2 Rf1 36. Qd5 Rxf2 37. Qxf5 Kd6 38. Qf6# 1-0